=LDR 00000nam 2200000 4500 =001 INLIS000000000038920 =005 20130612144558 =008 ***********************************ind** =035 ##$$0010-061300000038920 =041 ##$$a ind =082 ##$$a 641.5 =090 ##$$a 645.5, Emi a =100 ##$$a EMIR, Threes =245 ##$$a Aneka crackirs, untuk snack dan bekal praktis/Threes emir;Editor, Intarina hardiman =260 ##$$a 2011 $b Jakarta =300 ##$$a 45 Hlm, Ilus, 23 Cm =650 ##$$a MASAKAN, RESEP =700 ##$$a HARDIMAN, Intarina =850 ##$$a NBPNMAT